| 000 | 01290cam a2200301 a 4500 | ||
|---|---|---|---|
| 001 | 15647640 | ||
| 005 | 20110203063811.0 | ||
| 008 | 090305s2009 ne af 001 0 eng | ||
| 010 | _a 2009008998 | ||
| 020 | _a1856176770 (hardcover : alk. paper) | ||
| 020 | _a9781856176774 (hardcover : alk. paper) | ||
| 035 | _a(OCoLC)ocn313078383 | ||
| 040 |
_aDLC _cDLC _dC#P _dYDXCP _dBWX _dCDX _dDLC |
||
| 050 | 0 | 0 |
_aTH438 _b.T727 2009 |
| 082 | 0 | 0 |
_a624.068 _222 _bCON |
| 245 | 0 | 0 |
_aConstruction Delays : _bUnderstanding them Clearly, Analyzing them Correctly / _cTheodore J. Trauner, Jr. ... [et al.]. |
| 250 | _a2nd ed. | ||
| 260 |
_aAmsterdam ; _aBoston : _bButterworth-Heinemann, 2009 _cc2009. |
||
| 300 |
_axvi, 266 p., [12] p. of plates : _bill. (some col.) ; _c24 cm. |
||
| 500 | _aIncludes index. | ||
| 650 | 0 |
_aConstruction industry _xManagement. _923437 |
|
| 650 | 0 |
_aProduction scheduling. _923438 |
|
| 653 |
_bCiv _cApril2011 |
||
| 700 | 1 |
_aTrauner, Theodore J. _923439 |
|
| 942 |
_2ddc _cBB |
||
| 999 |
_c15206 _d15206 |
||